Biologie 2050 testových otázek a odpovědí

Podrobná bibliografia
Hlavní autori: Bičík, Vítězslav, 1937- (Autor), Chalupová-Karlovská, Vlastimila, 1947- (Autor), Kincl, Lubomír, 1952- (Autor)
Médium: Kniha
Jazyk:čeština
PhysicalDescription:342 strán ilustrácie 21 cm
Vydavateľské údaje: Olomouc Agentura Rubico 2018
ISBN:9788073462369
Vydanie:Čtvrté doplněné vydání
Edícia:Škola (Rubico)
Predmet:

MARC

LEADER 00000cam a2200000 4500
001 vtls011742479
003 SK-MaSNL
005 20260301095207.0
008 180220s2018 xr a d np 000 0 cze
020 |a 9788073462369  |q (brožované) 
040 |a SNK  |b slo  |c SNK  |e rda 
041 0 |a cze 
044 |a xr  |c CZ 
072 7 |a 57/59  |x Biologické vedy  |2 konspekt 
072 7 |a 37.016  |x Učebné osnovy. Vyučovacie predmety. Učebnice  |2 konspekt 
080 |a 57/59  |2 2011 
080 |a 373.5.016  |2 2011 
080 |a (079.1)  |2 2011 
080 |a (075.3)  |2 2011 
100 1 |a Bičík, Vítězslav,  |d 1937-  |4 aut  |9 37677 
245 1 0 |a Biologie  |b 2050 testových otázek a odpovědí  |c Vítězslav Bičík, Vlastimila Chalupová, Lubomír Kincl 
250 |a Čtvrté doplněné vydání 
264 1 |a Olomouc  |b Agentura Rubico  |c 2018 
300 |a 342 strán  |b ilustrácie  |c 21 cm 
336 |a text  |b txt  |2 rdacontent 
337 |a bez média  |b n  |2 rdamedia 
338 |a zväzok  |b nc  |2 rdacarrier 
490 1 |a Škola 
504 |a Bibliografia na strane 341-342 
650 0 7 |a biológia  |2 SNKPH  |9 689 
650 0 7 |a učivo stredných škôl  |2 SNKPH  |9 65982 
650 0 7 |a Biology  |2 SNKPHeng  |9 82165 
650 0 7 |a Secondary school curriculum  |2 SNKPHeng  |9 302204 
655 7 |a testy  |2 SNKPH  |9 70500 
655 7 |a učebnice stredných škôl  |2 SNKPH  |9 69323 
655 7 |a Textbooks (secondary)  |2 SNKPHeng  |9 276359 
655 7 |a Tests  |2 SNKPHeng  |9 303179 
700 1 |a Chalupová-Karlovská, Vlastimila,  |d 1947-  |4 aut  |9 125788 
700 1 |a Kincl, Lubomír,  |d 1952-  |4 aut  |9 134945 
830 0 |a Škola (Rubico)  |9 430157 
919 |a 978-80-7346-236-9 
958 |a NB 
999 |c 682467  |d 684397 
952 |t snkBIC 57/59  |a SNKUST  |b SNKUST  |y PREZ  |7 0  |p 17A1334725  |o snkIC 144160  |i snk2018/16856  |8 3  |g 7.01  |0 0  |1 0  |4 0  |d 2018-08-10  |l 0  |r 2025-03-21 00:00:00  |w 2026-02-23